1488 1970 1279 1899 1612 1037 1643 1850 1892 1955 1626 1456 1421 1071 1092 1812 1357 1610 1895 1319 1557 1355 1260 1672 1034 1090 1030 1167 1830 1357 1961 1503 1950 1953 1622 1352 1630 1378 1913 1041 1677 1608 1679 1158 1015 1431 1684 1292 1046 1479 1518 1847 1539 1036 1274 1400 1210 1657 1785 1398 1330 1775 1763 1649 1313 1477 1960 1978 1548 1951 1093 1772 1359 1193 1244 1944 1420 1589 1786 1993 1366 1929 1793 1825 1921 1162 1127 1318 1363 1630 1103 1182 1291 1707 1009 1175 1168 1702 1010 BCNSPRNW ULIB Ver.6.0+V

เปลี่ยนเป็นภาษาไทย

Change to English
 แสดงรายละเอียดบรรณานุกรม
  กลับหน้าหลัก

Brief Record : Get Marc (ISO 2709) : E-mail record : QR code < ปิดหน้าต่าง
LEADER : 00000nam 2200000uu 4500
001    13399113583
003     ULIB
008    111201s2550||||th 000 0 tha d
020    ^a9789740902348
090    ^aนว.^bป524พ 2550
100 0  ^aปัญญ์ปรียา
245 00 ^aณ ที่แห่งรัก/^cปัญญ์ปรียา
250    ^aพิมพ์ครั้งที่ 2
260    ^aกรุงเทพฯ :^bแจ่มใส,^c2550
300    ^a267 หน้า
710 1  ^aแจ่มใส
945    ^p169^l0^i14461
995    ^aกัณชพร
999    ^aใช้งานได้ทุกระบบ
รายการนี้ยังไม่มีแท็ก
คุณยังไม่ได้ล็อกอิน คุณสามารถมีกิจกรรมร่วมกับเว็บไซต์ได้ แต่ต้องล็อกอินก่อน ::
  ล็อกอิน

รายการสื่อสารสนเทศ

ลำดับที่ ประเภท เลขเรียก/บาร์โค้ด สถานที่ สถานะ
1. วิทยาศาสตร์การแพทย์ และสุขภาพ
วิทยาศาสตร์การแพทย์ และสุขภาพ
นว. ป524พ 2550  
  Barcode: 14461
ห้องสมุดวิทยาเขตสวรรค์ประชารักษ์
►นวนิยาย
บนชั้น
  ขอยืม

รายการใกล้เคียง
    ผู้แต่ง [ปัญญ์ปรียา]

BibComment


ยังไม่เคยถูกคอมเมนท์

คอมเมนท์ทรัพยากรรายการนี้
  คอมเมนท์: ณ ที่แห่งรัก ปัญ..


 Copyright 2026. Bcnsprnw @Library